Statistiques concernant Les pokemon de la 8g

Cliquez ici pour prendre le quiz!

Statistiques générales

  • Ce quiz a été pris 17 fois
  • Le résultat moyen est 76 sur 89

Statistiques - réponses

HintRéponse% Correct
816larmeleon
100%
815pyrobut
100%
888zacian
100%
889zamazenta
100%
826astronelle
93%
856bibichut
93%
896blizzeval
93%
823corvaillus
93%
884duralugon
93%
813flambino
93%
881galvagla
93%
880galvagon
93%
812gorythmic
93%
883hydragla
93%
882hydragon
93%
862ixon
93%
887lanssorien
93%
818lezargus
93%
821minisange
93%
839monthracite
93%
810ouistempo
93%
819rongourmand
93%
820rongrigou
93%
851scolocendre
93%
897spectreval
93%
898sylveroy
93%
861angoliath
86%
817arrozard
86%
811badabouin
86%
875bekaglacon
86%
873beldeneige
86%
830blancoton
86%
822bleuseille
86%
857chapotus
86%
878charibari
86%
879charmilly
86%
825coleodome
86%
886dispareptil
86%
874dolman
86%
890ethernatos
86%
885fantyrm
86%
860fourbelin
86%
872frissonille
86%
836fulgudog
86%
850grillepattes
86%
859grimalin
86%
833khelocrok
86%
853krakos
86%
814lapyro
86%
824larvadar
86%
832moumouflon
86%
831moumouton
86%
889pachyradjah
86%
852poulpaf
86%
849salarsen
86%
892shifours
86%
858sorcilence
86%
834torgamord
86%
829tournicoton
86%
848toxizap
86%
835voltoutou
86%
838wagomine
86%
871wattapik
86%
891wushours
86%
893zarude
86%
863berserkatt
79%
837charbi
79%
864corayome
79%
868cremy
79%
846embrochet
79%
847hastacuda
79%
870hexadron
79%
866m.glaquette
79%
855polthegeist
79%
895regidrago
79%
894regieleki
79%
854theffroi
79%
867tutetekri
79%
876wimessir
79%
842dratatin
71%
827goupilou
71%
877morpeko
71%
845nigosier
71%
865palarticho
71%
841pomdrapi
71%
828roublenard
71%
840verpom
71%
844dunaconda
64%
843dunaja
64%

Distribution des résultats

Percentile par nombre de réponses

% des personnes avec chaque résultat

Votre développement - résultats

Vous n’avez pas pris ce quiz